Normal view
MARC view
- BILAL, AFRASYAB, AAMIR
Entry Personal Name
001 - CONTROL NUMBER
- control field: 71821
003 - CONTROL NUMBER IDENTIFIER
- control field: NUST
005 - DATE AND TIME OF LATEST TRANSACTION
- control field: 20210628204704.0
008 - FIXED-LENGTH DATA ELEMENTS
- fixed length control field: 210628|| aca||aabn | a|a d
040 ## - CATALOGING SOURCE
- Original cataloging agency: NUST
- Transcribing agency: NUST
100 ## - HEADING--PERSONAL NAME
- Personal name: BILAL, AFRASYAB, AAMIR
670 ## - SOURCE DATA FOUND
- Source citation: Work cat.: (NUST): BILAL, AFRASYAB, AAMIR , PR-SOF-1226-LOCATION BASED VEHICLE TRACKING SYSTEM, 2012
